000 00854nas a2200265 4500
001 BR8801691
003 BR-BrBNA
005 20231205091058.0
007 ta
008 230509b bl.|||p| |||| 00| 00por d
040 _aBR-BrBNA
_bpor
_cBiblioteca Nacional de Agricultura
041 _a(Pt)
072 _aP33
100 1 _aJunqueira, R.M.R.
100 1 _aBraga, J.M.
100 1 _aRibeiro, A.C.
100 1 _aFabris, J.D.
245 1 _aEfeito da aplicacao de fosforo na composicao ionica da solucao do solo
_bParte de tese
246 1 _aThe effect of applying phosphorus on the ionic composition of a soil solution
650 _aQUIMICA DO SOLO
650 _aFOSFORO
773 0 _tRevista Ceres (Brazil)
_xISSN 0034-737X
_g(May-Jul 1987), v. 39(193) p. 31-332
_wBR8801691
909 _a202311
_bLúcia
_c55
_dLúcia Elande
942 _2AGRIS
_n0
_cANA
999 _c122619
_d122619